000 00656nam a2200205Ia 4500
003 GCL
008 140319s9999 xx 000 0 ara d
040 _aGCL /
_cGCL
082 0 4 _a791.43
_bك ى
100 1 _aكمال رمزى
245 1 0 _aيحيى شاهين الجوهر والاقنعة /
_cكمال رمزى
700 1 _aعبدالله احمد عبدالله
260 _a[S.N] :
_bوزارة الثقافة صندوق التنمية الثقافية
490 _a
650 0 4 _aالافلام السينمائية
650 0 4 _aالسينما
650 0 4 _aجوائز
650 0 4 _aالتمثيل فى السينما
942 _2ddc
_cBK
999 _c29779
_d29779